|
|
|
|
| LEADER |
01869cas a2200241 a 4500 |
| 001 |
AALejournalIMF018856 |
| 008 |
230101c9999 xx r poo 0 0eng d |
| 020 |
|
|
|c 5.00 USD
|
| 020 |
|
|
|z 9781484383834
|
| 022 |
|
|
|a 1934-7685
|
| 040 |
|
|
|a BD-DhAAL
|c BD-DhAAL
|
| 110 |
2 |
|
|a International Monetary Fund.
|b African Dept.
|
| 245 |
1 |
0 |
|a Republic of Equatorial Guinea :
|b First Review under the Staff-Monitored Program-Press Release; and Staff Report.
|
| 264 |
|
1 |
|a Washington, D.C. :
|b International Monetary Fund,
|c 2018.
|
| 300 |
|
|
|a 1 online resource (60 pages)
|
| 490 |
1 |
|
|a IMF Staff Country Reports
|
| 500 |
|
|
|a <strong>Off-Campus Access:</strong> No User ID or Password Required
|
| 500 |
|
|
|a <strong>On-Campus Access:</strong> No User ID or Password Required
|
| 506 |
|
|
|a Electronic access restricted to authorized BRAC University faculty, staff and students
|
| 520 |
3 |
|
|a In May 2018, the IMF's Management approved a 7-month Staff-Monitored Program (SMP), covering the period January 1-July 31, 2018. The main fiscal objectives of the SMP are to (i) reduce the budget deficit through non-hydrocarbon revenue mobilization and expenditure reduction while protecting social spending and (ii) address critical weaknesses in public financial management. The program also contains measures to improve the business climate, foster economic diversification, and lay the basis for improving governance and transparency. In addition, the program is providing a framework for bolstering capacity and helping build an adequate track record of performance as the basis for discussions on a potential Fund-supported program later this year.
|
| 538 |
|
|
|a Mode of access: Internet
|
| 830 |
|
0 |
|a IMF Staff Country Reports; Country Report ;
|v No. 2018/310
|
| 856 |
4 |
0 |
|z Full text available on IMF
|u http://elibrary.imf.org/view/journals/002/2018/310/002.2018.issue-310-en.xml
|z IMF e-Library
|